Encyclopedia Brown detective / (Record no. 8478)
[ view plain ]
| 000 -LEADER | |
|---|---|
| fixed length control field | 00889nam a22002657a 4500 |
| 001 - CONTROL NUMBER | |
| control field | 8478 |
| 003 - CONTROL NUMBER IDENTIFIER | |
| control field | FISKH |
| 005 - DATE AND TIME OF LATEST TRANSACTION | |
| control field | 20250915124332.0 |
| 008 - FIXED-LENGTH DATA ELEMENTS--GENERAL INFORMATION | |
| fixed length control field | 250915b cb ||||| |||| 00| 0 eng d |
| 040 ## - CATALOGING SOURCE | |
| Original cataloging agency | FISKH |
| Language of cataloging | eng |
| Transcribing agency | FISKH |
| Modifying agency | FISKH |
| 050 ## - LIBRARY OF CONGRESS CALL NUMBER | |
| Classification number | PZ7.S68524 E |
| 082 ## - DEWEY DECIMAL CLASSIFICATION NUMBER | |
| Classification number | 813.54 |
| 100 ## - MAIN ENTRY--PERSONAL NAME | |
| Personal name | Sobol, Donald J. |
| 245 ## - TITLE STATEMENT | |
| Title | Encyclopedia Brown detective / |
| Statement of responsibility, etc. | Donald J. Sobol |
| 250 ## - EDITION STATEMENT | |
| Edition statement | This edition published in 1972 |
| 260 ## - PUBLICATION, DISTRIBUTION, ETC. | |
| Place of publication, distribution, etc. | Chicago : |
| Name of publisher, distributor, etc. | Science Research Associate, |
| Date of publication, distribution, etc. | 1968 |
| 300 ## - PHYSICAL DESCRIPTION | |
| Extent | 24 pages : |
| Other physical details | color illustrations ; |
| Dimensions | 21 cm |
| 505 ## - FORMATTED CONTENTS NOTE | |
| Formatted contents note | N<br/> |
| 520 ## - SUMMARY, ETC. | |
| Summary, etc. | Fifth-grader "Encyclopedia" Leroy Brown solves ten mysteries and, by putting the solutions at the back of the book, challenges the reader to do the same. |
| 521 8# - TARGET AUDIENCE NOTE | |
| Target audience note | 560<br/> |
| Source | Lexile estimate<br/> |
| 521 8# - TARGET AUDIENCE NOTE | |
| Target audience note | N<br/> |
| Source | Raz-Plus<br/> |
| 650 ## - SUBJECT ADDED ENTRY--TOPICAL TERM | |
| Topical term or geographic name entry element | Mysteries |
| Form subdivision | Juvenile Fiction |
| 942 ## - ADDED ENTRY ELEMENTS (KOHA) | |
| Source of classification or shelving scheme | Dewey Decimal Classification |
| Koha item type | Books |
| Suppress in OPAC | No |
| Withdrawn status | Lost status | Source of classification or shelving scheme | Damaged status | Not for loan | Collection | Home library | Current library | Shelving location | Date acquired | Total Checkouts | Full call number | Barcode | Date last seen | Date last checked out | Copy number | Price effective from | Koha item type |
|---|---|---|---|---|---|---|---|---|---|---|---|---|---|---|---|---|---|
| Dewey Decimal Classification | Juvenile Fiction | Footprints International School Library Network Toul Tom Poung Campus | Footprints International School Library Network Toul Tom Poung Campus | TTP Primary Yellow Bookshelves | 09/15/2025 | 2 | SOB 813.54 PZ7.S68524 E | FISBK04299 | 11/10/2025 | 09/30/2025 | 1 | 09/15/2025 | Books |
